FNAF: The Musical (Night 4) - Statistics

General Stats
  • This quiz has been taken 42 times
  • The average score is 80 of 123
Answer Stats
Answer % Correct
i
91%
go
86%
the
86%
there
86%
it
82%
no
82%
on
82%
someone
82%
this
82%
are
77%
is
77%
me
77%
one
77%
ones
77%
they
77%
am
73%
and
73%
closet
73%
hall
73%
in
73%
my
73%
say
73%
all
68%
back
68%
bad
68%
could
68%
down
68%
fur-bag
68%
going
68%
mad
68%
making
68%
pirate
68%
sneaking
68%
someones
68%
(someones)
68%
sounds
68%
takes
68%
that
68%
true
68%
whys
68%
wish
68%
come
64%
gone
64%
guys
64%
im
64%
may
64%
mistakes
64%
springtraps
64%
insane
59%
please
59%
does
55%
for
55%
four
55%
ground
55%
help
55%
hours
55%
hurry
55%
its
55%
just
55%
left
55%
losing
55%
more
55%
save
55%
to
55%
us
55%
dont
50%
explain
50%
fill
50%
focus
50%
hes
50%
ill
50%
noise
50%
stall
50%
think
50%
void
50%
with
50%
care
45%
foxy
45%
hey
45%
before
41%
good
41%
hi
41%
met
41%
ok
41%
swear
41%
talk
41%
weve
41%
whered
41%
door
36%
out
32%
somethings
32%
beyond
27%
breathing
27%
(scream)
14%
No matching quizzes found
Score Distribution
Percent of People with Each Score
Percentile by Number Answered
Your Score History
You have not taken this quiz